[Event "HON-ch qual1"]
[Site "San Pedro Sula"]
[Date "2019.11.20"]
[Round "5"]
[White "Paz Mena, Olvin Jose"]
[Black "Fajardo, David Ponce"]
[Result "1/2-1/2"]
[WhiteElo "1635"]
[BlackElo "1744"]
[PlyCount "57"]
[EventDate "2019.11.18"]
[EventType "swiss"]
[EventRounds "7"]
[EventCountry "HON"]
[SourceTitle "EXT 2021"]
[Source "ChessBase"]
[SourceDate "2020.10.23"]
[SourceVersion "1"]
[SourceVersionDate "2020.10.23"]
[SourceQuality "1"]

1. e4 c5 2. Nf3 d6 3. d4 cxd4 4. Nxd4 a6 5. Nc3 Nf6 6. Bc4 e6 7. a4 Qc7 8. Bb3 g6 9. 0-0 Bg7 10. Kh1 Nc6 11. f3 h5 12. Be3 h4 13. f4 h3 14. g3 Bd7 15. f5 gxf5 16. exf5 Nxd4 17. Bxd4 Qc6+ 18. Qf3 Qxf3+ 19. Rxf3 Bc6 20. Raf1 Bxf3+ 21. Rxf3 e5 22. Bb6 Bh6 23. Rd3 Ke7 24. Bc7 Rad8 25. Bxd8+ Rxd8 26. Nd5+ Nxd5 27. Bxd5 Rd7 28. b3 Kf6 29. Be4 1/2-1/2